Love Canal, health studies and relocation : joint hearing before the Subcommittee on Oversight and Investigations of the Committee on Interstate and Foreign Commerce, U.S. House of Representatives and the Subcommittee on Environment, Energy, and Natural Resources of the Committee on Government Operations, Ninety-sixth Congress, second session, May 22, 1980.

Bibliographic Details
Corporate Authors: United States. Congress. House. Committee on Interstate and Foreign Commerce. Subcommittee on Oversight and Investigations, ProQuest (Firm), United States. Congress. House. Committee on Government Operations. Environment, Energy, and Natural Resources Subcommittee
Format: Government Document eBook
Language:English
Published: Washington : U.S. G.P.O., 1980.
Series:U.S. Congressional Hearings.
Subjects:
Online Access:Connect to the full text of this electronic book

MARC

Tag First Indicator Second Indicator Subfields
LEADER 00000cam a22000001a 4500
001 in00003207513
005 20190404181058.0
006 m d f
007 cr bn mmmapmmp
008 100323s1980 dcua o f000 0 eng d
035 |a cis2007493379 
040 |a UMI  |c UMI  |d UtOrBLW 
043 |a n-us--- 
074 |a 1019 
086 0 |a Y 4.In 8/4:96-191 
088 |a Serial No. 96-191 (United States. Congress. House. Committee on Interstate and Foreign Commerce) 
099 |a HRG-1980-FCH-0047 
110 1 |a United States.  |b Congress.  |b House.  |b Committee on Interstate and Foreign Commerce.  |b Subcommittee on Oversight and Investigations. 
245 1 0 |a Love Canal, health studies and relocation :  |b joint hearing before the Subcommittee on Oversight and Investigations of the Committee on Interstate and Foreign Commerce, U.S. House of Representatives and the Subcommittee on Environment, Energy, and Natural Resources of the Committee on Government Operations, Ninety-sixth Congress, second session, May 22, 1980. 
264 1 |a Washington :  |b U.S. G.P.O.,  |c 1980. 
300 |a 1 online resource. 
336 |a text  |b txt  |2 rdacontent 
337 |a computer  |b c  |2 rdamedia 
338 |a online resource  |b cr  |2 rdacarrier 
500 |a Record is based on bibliographic data in ProQuest Congressional Hearings Digital Collection. Reuse except for individual research requires license from ProQuest, LLC. 
538 |a System requirements: PDF reader software. 
500 |a Electronic resource. 
650 0 |a Pollution  |z New York (State)  |z Niagara Falls (N.Y. and Ont.)  |x Physiological effect. 
650 0 |a Hazardous wastes  |z New York (State)  |z Niagara Falls (N.Y. and Ont.) 
650 0 |a Relocation (Housing)  |z New York (State)  |z Niagara Falls (N.Y. and Ont.) 
650 0 |a Public health  |z New York (State)  |z Niagara Falls (N.Y. and Ont.) 
655 7 |a Electronic books.  |2 local 
710 2 |a ProQuest (Firm) 
710 1 |a United States.  |b Congress.  |b House.  |b Committee on Government Operations.  |b Environment, Energy, and Natural Resources Subcommittee. 
776 0 8 |i Print version:   |a United States. Congress. House. Committee on Interstate and Foreign Commerce. Subcommittee on Oversight and Investigations  |t Love Canal, health studies and relocation  |w (OCoLC)07054935  |w gp 81002029 
776 0 8 |i Microfiche version:   |a United States. Congress. House. Committee on Interstate and Foreign Commerce. Subcommittee on Oversight and Investigations  |t Love Canal, health studies and relocation.  |d [Bethesda, Md.] : ProQuest,[2004]  |o CIS 81 H501-21  |w (ProQuest)cis08100917 
830 0 |a U.S. Congressional Hearings. 
856 4 0 |u http://proxy.library.tamu.edu/login?url=http://congressional.proquest.com/congcomp/getdoc?HEARING-ID=HRG-1980-FCH-0047  |z Connect to the full text of this electronic book  |t 0 
998 |a cis08100917 
999 |a MARS 
999 f f |s d6a5d2c9-fab9-3c98-bdf2-d09e139f5f24  |i 137c6385-30bd-38fc-813c-f1efb039486f  |t 0 
952 f f |a Texas A&M University  |b College Station  |c Electronic Resources  |d Available Online  |t 0  |e HRG-1980-FCH-0047  |h Other scheme 
998 f f |a HRG-1980-FCH-0047  |t 0  |l Available Online